000 00502nas a2200181 a 4500
003 IIN
005 20250304110414.0
008 250304c |||gr|p| |||| 00| 0 eng d
040 _aIIN
245 _aInternational Journal of Community Health Nursing
260 _aChennai
_bMcMed International
_c2014
300 _avol. 1 no. 1
310 _aBi-annual
650 _aNURSING - PERIODICAL
650 _aCOMMUNITY HEALTH NURSING - PERIODICAL
856 _uhttps://mcmed.us/allissue/ijchn
942 _cSER
999 _c1678
_d1678